A profile of mathematical logic /

Guardado en:
Autor Principal: DeLong, Howard, 1936-
Formato: Libro
Idioma:English
Publicado: Reading, Mass. : Addison-Wesley, c1970.
Series:Addison-Wesley series in mathematics
Etiquetas: Agregar Etiqueta
Sin Etiquetas, Sea el primero en etiquetar este registro!
LEADER 00598nam a22001815 4500
001 MAT.inmabb001983
008 740129s1970####maua#####b####001#0#eng#d
005 20130312161202.0
245 1 2 |a A profile of mathematical logic /  |c Howard DeLong. 
260 |a Reading, Mass. :  |b Addison-Wesley,  |c c1970. 
300 |a xiii, 304 p. :  |b il. ;  |c 24 cm. 
440 0 |a Addison-Wesley series in mathematics 
504 |a Bibliografía anotada: p. 259-283. 
510 4 |a MR,  |c 41 #3230 
100 1 |a DeLong, Howard,  |d 1936- 
084 |a 03Bxx (03-01)  |2 msc2000 
010 |a  75109509  
859 |h 03  |i D361  |p A-3624  |b BIB. MATEMATICA